[Event "Frankfurt Ch 2007"]
[Site "Ffm-Kalbach, LAZ"]
[Date "2007.04.30"]
[Round "1.1"]
[White "Milov, Leonid"]
[Black "Krohne, Robert"]
[Result "1-0"]
[WhiteElo "2482"]
[BlackElo "1785"]
[PlyCount "119"]
[EventDate "2007.??.??"]

1. e4 e6 2. Nf3 d5 3. Nc3 Nf6 4. e5 Nfd7 5. d4 c5 6. Ne2 Nc6 7. c3 Qb6 8. g3
cxd4 9. cxd4 Bb4+ 10. Nc3 f6 11. exf6 Nxf6 12. Bg2 O-O 13. O-O Bd7 14. Bf4 Rac8
15. Na4 Qd8 16. a3 Be7 17. b4 b6 18. Nb2 Ne4 19. Nd3 Bd6 20. Re1 Bxf4 21. Nxf4
Qf6 22. Ne5 Nxe5 23. dxe5 Qf7 24. Bxe4 dxe4 25. Rxe4 Bc6 26. Re3 Qf5 27. h4
Rfd8 28. Qb3 Bd5 29. Qd3 Qf7 30. Rd1 Qe7 31. Nxd5 Rxd5 32. Qe2 Rcd8 33. Red3
Rxd3 34. Rxd3 Rxd3 35. Qxd3 Qc7 36. Qb5 Kf7 37. a4 Ke7 38. a5 Qc3 39. axb6 Qe1+
40. Kg2 Qe4+ 41. Kh2 axb6 42. Qxb6 Qxe5 43. Qb7+ Kf6 44. b5 Qc5 45. Kg2 e5 46.
Qc6+ Qxc6+ 47. bxc6 Ke6 48. Kf3 Kd6 49. Ke4 Kxc6 50. Kxe5 Kd7 51. h5 Ke7 52. g4
Kf7 53. Kd6 Kf6 54. f4 g6 55. hxg6 hxg6 56. Kd7 Kf7 57. g5 Kg7 58. Ke7 Kg8 59.
Kf6 Kh7 60. Kf7 1-0

[Event "Frankfurt Ch 2007"]
[Site "Ffm-Kalbach, LAZ"]
[Date "2007.04.30"]
[Round "1.2"]
[White "Matthis, Peter"]
[Black "Telljohann, Sven"]
[Result "0-1"]
[WhiteElo "1785"]
[BlackElo "2419"]
[PlyCount "52"]
[EventDate "2007.??.??"]

1. e4 g6 2. Nf3 Bg7 3. Bc4 c6 4. Bb3 d5 5. e5 Bg4 6. d4 e6 7. h3 Bxf3 8. Qxf3
Nd7 9. O-O c5 10. c3 Ne7 11. Qe2 Nc6 12. Rd1 O-O 13. f4 cxd4 14. cxd4 f6 15.
Nc3 fxe5 16. fxe5 Ne7 17. Bg5 Nb8 18. Rf1 Nbc6 19. Rxf8+ Qxf8 20. Rf1 Qe8 21.
Be3 Nf5 22. Qd2 Qe7 23. a3 Nxe3 24. Qxe3 Qh4 25. Qf4 Qxf4 26. Rxf4 Bh6 0-1

[Event "Frankfurt Ch 2007"]
[Site "Ffm-Kalbach, LAZ"]
[Date "2007.04.30"]
[Round "1.3"]
[White "Reschke, Stefan"]
[Black "Rotermund, Verena"]
[Result "1-0"]
[WhiteElo "2387"]
[BlackElo "1784"]
[PlyCount "63"]
[EventDate "2007.??.??"]

1. Nf3 Nf6 2. g3 g6 3. b3 Bg7 4. Bb2 d6 5. d4 c5 6. Bg2 O-O 7. O-O Qc7 8. c4
Ne4 9. Qc2 f5 10. d5 e5 11. dxe6 Bxe6 12. Nbd2 Nxd2 13. Qxd2 Bxb2 14. Qxb2 Qe7
15. Qd2 Nc6 16. Ng5 Bd7 17. Nh3 Rae8 18. Rfd1 Bc8 19. Qxd6 Nd4 20. Qxe7 Rxe7
21. e3 Ne2+ 22. Kf1 Nc3 23. Rd3 Ne4 24. Nf4 b6 25. h4 Bb7 26. Rad1 g5 27. hxg5
Nxg5 28. Rd7 Rxd7 29. Rxd7 Bxg2+ 30. Nxg2 Rf7 31. Rd5 Kg7 32. Nh4 1-0

[Event "Frankfurt Ch 2007"]
[Site "Ffm-Kalbach, LAZ"]
[Date "2007.04.30"]
[Round "1.4"]
[White "Geringer, Waldemar"]
[Black "Klundt, Klaus"]
[Result "0-1"]
[WhiteElo "1862"]
[BlackElo "2378"]
[PlyCount "80"]
[EventDate "2007.??.??"]

1. d4 Nf6 2. c4 g6 3. Nc3 Bg7 4. e4 O-O 5. Nf3 d6 6. Be2 e5 7. O-O Nc6 8. d5
Ne7 9. Ne1 Nd7 10. Be3 f5 11. f3 f4 12. Bf2 g5 13. Rc1 Ng6 14. c5 Nxc5 15. b4
Na6 16. Qb3 h5 17. Nb5 g4 18. Kh1 g3 19. Bg1 gxh2 20. Bf2 Bf6 21. Nxa7 Bh4 22.
Nxc8 Rxc8 23. b5 Bxf2 24. bxa6 Be3 25. axb7 Bxc1 26. bxc8=Q Qxc8 27. Nc2 Bd2
28. Rb1 Qa8 29. Qa3 Qxa3 30. Nxa3 Ra8 31. Nc4 Rxa2 32. Rb8+ Kg7 33. Rb7 Be1 34.
Nb2 Kf6 35. Kxh2 Bc3 36. Nd1 Bd4 37. Bc4 Rd2 38. Rb1 Nh4 39. Kh3 Nxg2 40. Bf1
Ne1 0-1

[Event "Frankfurt Ch 2007"]
[Site "Ffm-Kalbach, LAZ"]
[Date "2007.04.30"]
[Round "1.5"]
[White "Legde, Georg"]
[Black "Kannenberg, Carl-Friedrich"]
[Result "1-0"]
[WhiteElo "2353"]
[BlackElo "1972"]
[PlyCount "75"]
[EventDate "2007.??.??"]

1. d4 d5 2. c4 e6 3. Nc3 Nf6 4. Bg5 Be7 5. e3 O-O 6. Nf3 Nbd7 7. Rc1 c6 8. Bd3
h6 9. Bh4 dxc4 10. Bxc4 Nd5 11. Bg3 N7b6 12. Bb3 Nxc3 13. bxc3 Bd6 14. Qd3 Nd5
15. Ne5 Ne7 16. Bc2 f5 17. O-O Bxe5 18. Bxe5 Ng6 19. Bg3 Qf6 20. Qc4 Kh8 21.
Qc5 Re8 22. Rcd1 Qe7 23. Bd6 Qd7 24. Qb4 Rd8 25. Bg3 Qe7 26. Qxe7 Nxe7 27. e4
b5 28. f3 a5 29. Rfe1 Ng6 30. h4 h5 31. exf5 exf5 32. Bb3 Ra7 33. a4 f4 34. Bf2
Re7 35. Bc2 Rxe1+ 36. Rxe1 Nf8 37. Re5 g6 38. axb5 1-0

[Event "Frankfurt Ch 2007"]
[Site "Ffm-Kalbach, LAZ"]
[Date "2007.04.30"]
[Round "1.6"]
[White "Orlinski, Wolfgang"]
[Black "Solonar, Stefan"]
[Result "0-1"]
[WhiteElo "1767"]
[BlackElo "2345"]
[PlyCount "82"]
[EventDate "2007.??.??"]

1. c4 c5 2. Nc3 Nf6 3. Nf3 Nc6 4. g3 d5 5. cxd5 Nxd5 6. Bg2 Nc7 7. d3 e5 8. O-O
f6 9. Be3 Be6 10. Rc1 Qd7 11. Nd2 Rc8 12. Nde4 Nd4 13. f4 exf4 14. Rxf4 Be7 15.
Nxc5 Bxc5 16. Na4 Nf3+ 17. Rxf3 Bxe3+ 18. Rxe3 Qd4 19. Qd2 O-O 20. Nc3 f5 21.
Kh1 Rce8 22. Rf1 b5 23. Rf4 Qd6 24. a3 a5 25. b4 g5 26. Rf1 axb4 27. axb4 Qxb4
28. Re5 h6 29. h4 Qd4 30. Rxb5 Nxb5 31. Nxb5 Qe5 32. hxg5 Qxb5 33. gxh6 f4 34.
Rxf4 Rxf4 35. Qxf4 Qh5+ 36. Kg1 Rf8 37. Qe3 Rf6 38. d4 Rxh6 39. Qf4 Kg7 40. e4
Qh2+ 41. Kf2 Rf6 0-1

[Event "Frankfurt Ch 2007"]
[Site "Ffm-Kalbach, LAZ"]
[Date "2007.04.30"]
[Round "1.7"]
[White "Gramlich, Sebastian"]
[Black "Schirmer, Karl-Heinz"]
[Result "1-0"]
[WhiteElo "2248"]
[BlackElo "1759"]
[PlyCount "69"]
[EventDate "2007.??.??"]

1. d4 e6 2. c4 d5 3. Nf3 Nf6 4. g3 Be7 5. Bg2 O-O 6. O-O c6 7. Qc2 Nbd7 8. Nbd2
b6 9. Rd1 Bb7 10. b3 Rc8 11. e4 dxe4 12. Nxe4 Nxe4 13. Qxe4 Nf6 14. Qe2 Qc7 15.
Bb2 Ba6 16. Ne5 c5 17. dxc5 Bxc5 18. Ng4 Ne8 19. Rd2 Rd8 20. Rad1 Rxd2 21. Rxd2
Bb7 22. Bxb7 Qxb7 23. Qd1 Qe4 24. h3 Nd6 25. Bd4 Bb4 26. Re2 Qb7 27. a3 Bxa3
28. Bxg7 Kxg7 29. Qa1+ f6 30. Qxa3 Ne4 31. h4 Nxg3 32. fxg3 Qf3 33. Qe7+ Rf7
34. Qxe6 Qxg3+ 35. Rg2 1-0

[Event "Frankfurt Ch 2007"]
[Site "Ffm-Kalbach, LAZ"]
[Date "2007.04.30"]
[Round "1.8"]
[White "Makilla, Tobias"]
[Black "Isserman, Ryhor"]
[Result "0-1"]
[WhiteElo "1923"]
[BlackElo "2296"]
[PlyCount "74"]
[EventDate "2007.??.??"]

1. e4 c5 2. Nf3 Nc6 3. d4 cxd4 4. Nxd4 Nf6 5. Nc3 d6 6. Bg5 Qa5 7. Bxf6 gxf6 8.
Bb5 Bd7 9. Nb3 Qd8 10. f4 a6 11. Be2 f5 12. Qd2 fxe4 13. Nxe4 Bg7 14. O-O-O Qb6
15. Bh5 O-O 16. Ng5 h6 17. Nxf7 Rxf7 18. Bxf7+ Kxf7 19. Qd5+ Be6 20. Qh5+ Kg8
21. Rd3 Qb5 22. Qxb5 axb5 23. Kb1 Bf5 24. Rd2 Ra4 25. g3 Rc4 26. a3 b4 27. a4
Nd4 28. Nxd4 Rxd4 29. Rxd4 Bxd4 30. b3 e5 31. fxe5 dxe5 32. Rf1 Bh3 33. Rf6 Kg7
34. Rd6 Bc3 35. Rd3 e4 36. Re3 Bg2 37. Kc1 Bf3 0-1

[Event "Frankfurt Ch 2007"]
[Site "Ffm-Kalbach, LAZ"]
[Date "2007.04.30"]
[Round "1.9"]
[White "Uwira, Oliver"]
[Black "Katrych, Viktor"]
[Result "1-0"]
[WhiteElo "2291"]
[BlackElo "1747"]
[PlyCount "87"]
[EventDate "2007.??.??"]

1. d4 d5 2. c4 e6 3. Nc3 Nf6 4. Bg5 Be7 5. e3 c6 6. Rc1 h6 7. Bh4 Nbd7 8. Nf3
Qa5 9. Bd3 O-O 10. O-O Bd6 11. Qe2 dxc4 12. Bxc4 Nd5 13. Ne4 Bb8 14. Rfd1 f5
15. Nc5 N7f6 16. Ne5 Qc7 17. Bg3 Qd8 18. Rd3 Qe8 19. Rb3 Nb6 20. Bd3 Nh5 21. a4
Nxg3 22. hxg3 Bxe5 23. dxe5 Rf7 24. a5 Nd5 25. e4 fxe4 26. Qxe4 Rf5 27. g4 Rg5
28. Nxb7 Bd7 29. Qh7+ Kf8 30. Nd6 Qd8 31. Bg6 Rxe5 32. Nf7 Qf6 33. Nxe5 Qxe5
34. Qh8+ Ke7 35. Qxa8 Nf4 36. Rd1 Nxg6 37. Qxa7 Nf8 38. Rb7 Qe2 39. Rbxd7+ Nxd7
40. Rxd7+ Kf6 41. Qd4+ e5 42. Qd6+ Kg5 43. Qd2+ Qxd2 44. Rxd2 1-0

[Event "Frankfurt Ch 2007"]
[Site "Ffm-Kalbach, LAZ"]
[Date "2007.04.30"]
[Round "1.10"]
[White "Genis, Roy"]
[Black "Henrich, Thomas"]
[Result "0-1"]
[WhiteElo "1895"]
[BlackElo "2179"]
[PlyCount "148"]
[EventDate "2007.??.??"]

1. e4 c5 2. c3 Nf6 3. e5 Nd5 4. d4 cxd4 5. Nf3 e6 6. cxd4 d6 7. Bc4 Nc6 8. O-O
Nb6 9. Bb5 Bd7 10. Nc3 Be7 11. Be3 a6 12. Be2 O-O 13. Ne4 dxe5 14. Nxe5 Be8 15.
Rc1 Nb4 16. a3 N4d5 17. Nc5 Qb8 18. Qb3 Bd6 19. Bf3 Bb5 20. Rfe1 Re8 21. a4
Bxc5 22. axb5 Bb4 23. Re2 a5 24. Bxd5 Nxd5 25. Rec2 a4 26. Qc4 Bd6 27. Nf3 h6
28. h3 Qd8 29. Nd2 Qh4 30. Nf3 Qe4 31. Nd2 Qg6 32. Qe2 Nb4 33. Rc4 Nd3 34. R1c2
e5 35. Qg4 Qxg4 36. hxg4 Nb4 37. Rc1 Nd5 38. Ne4 Bf8 39. dxe5 Nxe3 40. fxe3
Rxe5 41. Nc5 Rxe3 42. Nxb7 Rb3 43. Nc5 Rxb2 44. Nxa4 Rxb5 45. Nc5 Rxc5 46. Rxc5
Bxc5+ 47. Rxc5 Ra4 48. g5 h5 49. Kh2 Kh7 50. Kh3 Kg6 51. g3 Rg4 52. Rc6+ Kxg5
53. Rc5+ f5 54. Ra5 g6 55. Rb5 Ra4 56. Rc5 h4 57. Rc3 hxg3 58. Kxg3 Re4 59. Kf3
Rh4 60. Rc5 Rh3+ 61. Kg2 Ra3 62. Kf2 Kg4 63. Rc4+ f4 64. Rb4 Ra2+ 65. Ke1 g5
66. Rb3 f3 67. Rb8 Kg3 68. Rf8 f2+ 69. Rxf2 Rxf2 70. Kd1 Kf3 71. Ke1 g4 72. Kd1
g3 73. Ke1 g2 74. Kd1 g1=Q# 0-1

[Event "Frankfurt Ch 2007"]
[Site "Ffm-Kalbach, LAZ"]
[Date "2007.04.30"]
[Round "1.11"]
[White "Kauch, Markus"]
[Black "Nagel, Norbert"]
[Result "1-0"]
[WhiteElo "2230"]
[BlackElo "1730"]
[PlyCount "114"]
[EventDate "2007.??.??"]

1. Nf3 Nf6 2. c4 g6 3. b4 Bg7 4. Bb2 O-O 5. g3 d6 6. Bg2 h6 7. O-O e5 8. d3 Re8
9. Nbd2 Nbd7 10. Qc2 c6 11. a4 Qc7 12. Rfe1 Nf8 13. e4 Bg4 14. Nh4 Rad8 15. h3
Bc8 16. Nhf3 N6d7 17. Nb3 Ne6 18. Rad1 Ndf8 19. Kh2 Nd7 20. d4 exd4 21. Nfxd4
Ndf8 22. f4 Nxd4 23. Nxd4 Ne6 24. Ne2 Bxb2 25. Qxb2 Ng7 26. Rd2 Be6 27. Qc3 Rd7
28. Red1 Red8 29. Nd4 h5 30. Nxe6 fxe6 31. Qf6 Kh7 32. h4 Rf7 33. Qc3 Ne8 34.
e5 d5 35. cxd5 cxd5 36. Qe3 Qb6 37. Qxb6 axb6 38. Bh3 Re7 39. Rd4 Nc7 40. Rc1
Rdd7 41. Bf1 Na6 42. Bxa6 bxa6 43. Rc6 Rb7 44. Kh3 Kg7 45. a5 bxa5 46. bxa5 Kf7
47. Rxa6 Ra7 48. Rxa7 Rxa7 49. Ra4 Ke7 50. g4 Kd7 51. Kg3 Kc6 52. f5 exf5 53.
gxf5 gxf5 54. Kf4 Kb5 55. Ra1 Rf7 56. a6 Ra7 57. Kxf5 d4 1-0

[Event "Frankfurt Ch 2007"]
[Site "Ffm-Kalbach, LAZ"]
[Date "2007.04.30"]
[Round "1.12"]
[White "Winand, Edgar"]
[Black "Schlamp, Robert"]
[Result "0-1"]
[WhiteElo "1723"]
[BlackElo "2302"]
[PlyCount "96"]
[EventDate "2007.??.??"]

1. Nf3 Nf6 2. d4 g6 3. e3 Bg7 4. b3 O-O 5. Bb2 d6 6. Nbd2 Nbd7 7. Be2 Qe8 8.
Rb1 e5 9. dxe5 dxe5 10. Ba3 e4 11. Nd4 a6 12. Bxf8 Bxf8 13. c4 c5 14. Nc2 Ne5
15. O-O Bf5 16. Qc1 Rd8 17. Rd1 Bh6 18. Nf1 Nd3 19. Qa3 Bg4 20. f3 exf3 21.
gxf3 Bf5 22. Qa5 Rd7 23. Qc3 Ne5 24. Rxd7 Nfxd7 25. Rd1 Bg7 26. Qd2 Nf8 27. e4
Bd7 28. f4 Bh6 29. Ne1 Ne6 30. Ng2 Nd4 31. Qe3 Nxe2+ 32. Qxe2 Bg4 33. Qc2 Nf3+
34. Kh1 Nd4 35. Rxd4 cxd4 36. Qd3 Qd7 37. Ng3 Bh3 38. f5 Bg7 39. Nf4 Bg4 40.
Nd5 Qd6 41. b4 Qe5 42. Kg2 h5 43. h3 h4 44. hxg4 hxg3 45. a4 Bf8 46. b5 Bd6 47.
Qc2 d3 48. Qxd3 Qb2+ 0-1

[Event "Frankfurt Ch 2007"]
[Site "Ffm-Kalbach, LAZ"]
[Date "2007.04.30"]
[Round "1.13"]
[White "Kayser, Felix"]
[Black "Gehlhar, Michael"]
[Result "1-0"]
[WhiteElo "2194"]
[BlackElo "1712"]
[PlyCount "100"]
[EventDate "2007.??.??"]

1. e4 c6 2. d4 d5 3. exd5 cxd5 4. Bd3 Nc6 5. c3 Nf6 6. Ne2 Bg4 7. Qb3 Qd7 8.
O-O Bxe2 9. Bxe2 e6 10. Bf4 Be7 11. Nd2 O-O 12. Nf3 Bd6 13. Bg5 Ne4 14. Be3 Qc7
15. Bd3 f5 16. h3 Na5 17. Qc2 h6 18. Rad1 Rac8 19. Bc1 a6 20. Rde1 Nc6 21. Re2
Qe7 22. Qb3 Na5 23. Qd1 g5 24. Kh1 Qf6 25. Ng1 g4 26. Bxe4 dxe4 27. hxg4 Qh4+
28. Nh3 Kh7 29. gxf5 Rg8 30. f4 exf5 31. Qe1 Qh5 32. Re3 Rg7 33. Rg3 Rcg8 34.
Rxg7+ Rxg7 35. Qd1 Qh4 36. Qe1 Qh5 37. b3 Qg4 38. Rf2 Qh4 39. Re2 Qh5 40. Kh2
Qg4 41. Qf2 Be7 42. Re3 Bh4 43. g3 Bd8 44. Qe2 Qg6 45. Qg2 Nc6 46. Nf2 Ne7 47.
Re1 Nd5 48. c4 Nf6 49. Qh3 Nh5 50. Rg1 Bh4 1-0

[Event "Frankfurt Ch 2007"]
[Site "Ffm-Kalbach, LAZ"]
[Date "2007.04.30"]
[Round "1.14"]
[White "Bauer, Timo"]
[Black "Benninger, Rudolf"]
[Result "0-1"]
[WhiteElo "1708"]
[BlackElo "2130"]
[PlyCount "82"]
[EventDate "2007.??.??"]

1. d4 g6 2. e4 Bg7 3. Nf3 c5 4. Be3 Nc6 5. c3 cxd4 6. Nxd4 Nf6 7. Nxc6 bxc6 8.
Nd2 O-O 9. Be2 Rb8 10. Qc2 Qc7 11. O-O d5 12. f3 Rd8 13. Nb3 a5 14. Nc5 Qb6 15.
Rab1 e5 16. Bf2 d4 17. b4 Nd7 18. Na4 Qc7 19. Bg3 Qa7 20. Bf2 axb4 21. cxb4 Ra8
22. Nb2 Ba6 23. Nc4 Bb5 24. Rfc1 Qxa2 25. Qd1 Qa4 26. Qe1 Bf8 27. f4 Bxc4 28.
Bxc4 Rab8 29. Bb3 Qb5 30. fxe5 Nxe5 31. Rc5 Bxc5 32. bxc5 Qxc5 33. Bg3 Rb5 34.
Qf1 d3+ 35. Kh1 Rxb3 36. Rxb3 d2 37. Rb1 Qc2 38. Rd1 Nc4 39. Bh4 Ne3 40. Qe2
Qxd1+ 41. Qxd1 Nxd1 0-1

[Event "Frankfurt Ch 2007"]
[Site "Ffm-Kalbach, LAZ"]
[Date "2007.04.30"]
[Round "1.15"]
[White "Diekmann, Hans-Joachim"]
[Black "Plattner, Rolf"]
[Result "1-0"]
[WhiteElo "2199"]
[BlackElo "1916"]
[PlyCount "42"]
[EventDate "2007.??.??"]

1. e4 e6 2. d4 d5 3. Nd2 c5 4. exd5 exd5 5. Ngf3 Nf6 6. Bb5+ Bd7 7. Qe2+ Be7 8.
dxc5 O-O 9. O-O Bxc5 10. Nb3 Re8 11. Qd3 Bxb5 12. Qxb5 Bb6 13. Bf4 Nc6 14. Rad1
a6 15. Qd3 Re4 16. Bg5 Qe7 17. Nbd2 Ne5 18. Bxf6 Qxf6 19. Nxe4 dxe4 20. Qxe4
Nxf3+ 21. Qxf3 Qxb2 1-0

[Event "Frankfurt Ch 2007"]
[Site "Ffm-Kalbach, LAZ"]
[Date "2007.04.30"]
[Round "1.16"]
[White "Götting, Ulrich"]
[Black "Schwenkreis, Thomas"]
[Result "0-1"]
[WhiteElo "1691"]
[BlackElo "2054"]
[PlyCount "120"]
[EventDate "2007.??.??"]

1. Nf3 Nf6 2. d4 d6 3. c4 h6 4. Nc3 Bf5 5. e3 Nbd7 6. Bd3 Bxd3 7. Qxd3 g6 8.
O-O Bg7 9. Rb1 O-O 10. b4 c6 11. Bb2 Nh5 12. d5 c5 13. Bc1 cxb4 14. Rxb4 Qa5
15. a3 Rac8 16. Nd4 a6 17. f4 Qc7 18. f5 g5 19. Qe2 Nhf6 20. Qb2 Nc5 21. Qb1
Nfd7 22. f6 Nxf6 23. Nf5 e6 24. Nxg7 Kxg7 25. Bb2 e5 26. Qf5 Nh7 27. Ne2 Qe7
28. Ng3 Kh8 29. Nh5 Rc7 30. Nf6 Nxf6 31. Qxf6+ Kh7 32. Qf5+ Kg7 33. Rb1 Qf6 34.
Qxf6+ Kxf6 35. a4 Rd8 36. a5 Rdd7 37. Ba3 Kf5 38. Kf1 Ne4 39. Ke1 g4 40. Rc1
Nc5 41. Ke2 Ke4 42. Rb6 f5 43. h3 h5 44. hxg4 hxg4 45. Rh1 Rh7 46. Rxh7 Rxh7
47. Bxc5 dxc5 48. Re6 Rh2 49. Kf2 Rh7 50. Ke2 f4 51. exf4 Kxf4 52. Re8 Rg7 53.
Rc8 Ke4 54. Rxc5 g3 55. d6 Rd7 56. Rd5 Kf5 57. Kf3 Ke6 58. Rd3 Rg7 59. Rd1 Kd7
60. Rd5 Ke6 {Rest unleserlich!} 0-1

[Event "Frankfurt Ch 2007"]
[Site "Ffm-Kalbach, LAZ"]
[Date "2007.04.30"]
[Round "1.17"]
[White "Schell, Walter"]
[Black "Rondio, Thomas"]
[Result "1/2-1/2"]
[WhiteElo "2139"]
[BlackElo "1689"]
[PlyCount "64"]
[EventDate "2007.??.??"]

1. d4 d5 2. c4 c6 3. Nf3 Nf6 4. Nc3 e6 5. e3 Nbd7 6. Bd3 dxc4 7. Bxc4 b5 8. Bd3
Bb7 9. e4 Be7 10. O-O Qc7 11. e5 Nd5 12. Nxd5 exd5 13. Re1 Nf8 14. Bd2 Ne6 15.
b4 Qb6 16. Bc3 O-O 17. a4 a6 18. a5 Qd8 19. Qc2 h6 20. Bd2 Ng5 21. Nxg5 Bxg5
22. f4 Be7 23. Rac1 Rc8 24. Qd1 Rc7 25. Bb1 Bc8 26. Qc2 g6 27. Qc3 f5 28. Kh1
Be6 29. Rg1 Kg7 30. Qd3 Qe8 31. Bc2 h5 32. g3 Qf7 1/2-1/2

[Event "Frankfurt Ch 2007"]
[Site "Ffm-Kalbach, LAZ"]
[Date "2007.04.30"]
[Round "1.18"]
[White "Stricker, Konstantin"]
[Black "Minor, Samuel"]
[Result "1/2-1/2"]
[WhiteElo "1688"]
[BlackElo "2137"]
[PlyCount "130"]
[EventDate "2007.??.??"]

1. e4 c5 2. Nf3 d6 3. c3 Nf6 4. Qc2 Bg4 5. Be2 Nc6 6. d4 Bxf3 7. Bxf3 cxd4 8.
cxd4 Nxd4 9. Qa4+ Nc6 10. e5 Nd7 11. exd6 exd6 12. Bxc6 bxc6 13. Qxc6 Rc8 14.
Qe4+ Be7 15. O-O O-O 16. Nc3 Nf6 17. Qd4 Qd7 18. Nd5 Nxd5 19. Qxd5 Rc5 20. Qb3
d5 21. Rd1 d4 22. Be3 Rd5 23. Rd3 Rd6 24. Bf4 Rb6 25. Qc2 Bf6 26. Rad1 Qf5 27.
Bc1 Rc8 28. Qe2 Rbc6 29. Qe1 h6 30. Ra3 Qc2 31. Bf4 g5 32. Bd2 Re6 33. Qf1 Qxb2
34. Rxa7 Rc2 35. Rb1 Rxd2 36. Rxb2 Rxb2 37. g3 Rbe2 38. Qh3 Kg7 39. Qh5 Re7 40.
Rxe7 Rxe7 41. Qd1 Rd7 42. Qd3 Rc7 43. Kf1 Rc3 44. Qd2 d3 45. a4 Rb3 46. a5 g4
47. a6 Ra3 48. a7 Ra1+ 49. Kg2 Rxa7 50. Qxd3 Ra4 51. h3 gxh3+ 52. Kxh3 Rd4 53.
Qf5 Ra4 54. f4 Ra6 55. Qg4+ Kh7 56. Qd7 Kg7 57. Kg4 Ra5 58. Qd2 Rb5 59. Qd3 Ra5
60. Qe3 Ra2 61. Kh3 Ra6 62. Qe2 Re6 63. Qg4+ Kh7 64. Qf5+ Kg7 65. Qg4+ Kh7
1/2-1/2

[Event "Frankfurt Ch 2007"]
[Site "Ffm-Kalbach, LAZ"]
[Date "2007.04.30"]
[Round "1.19"]
[White "Rubel, Julian"]
[Black "Bender, Manfred"]
[Result "1/2-1/2"]
[WhiteElo "2125"]
[BlackElo "1830"]
[PlyCount "78"]
[EventDate "2007.??.??"]

1. c4 c5 2. g3 Nc6 3. Bg2 e6 4. Nc3 Nf6 5. Nf3 d5 6. cxd5 exd5 7. d4 Be6 8. O-O
cxd4 9. Nxd4 Bc5 10. Be3 Bxd4 11. Bxd4 Nxd4 12. Qxd4 O-O 13. Rfd1 Qa5 14. Rd2
Rfe8 15. Rad1 b6 16. b4 Qa6 17. Nxd5 Bxd5 18. Bxd5 Nxd5 19. Qxd5 Rac8 20. b5
Qa4 21. Rd4 Qc2 22. R1d2 Qb1+ 23. Rd1 Qc2 24. R4d2 Qc5 25. Qd7 Qc7 26. Qf5 g6
27. Qf3 Re7 28. h4 h5 29. Rd5 Qc2 30. R1d2 Qb1+ 31. Kg2 Rc1 32. Rd8+ Kg7 33.
Qd5 Rg1+ 34. Kf3 Qf1 35. Qd4+ f6 36. Rd7 Rxg3+ 37. Kxg3 Qg1+ 38. Kf3 Qh1+ 39.
Kg3 Qg1+ 1/2-1/2

[Event "Frankfurt Ch 2007"]
[Site "Ffm-Kalbach, LAZ"]
[Date "2007.04.30"]
[Round "1.20"]
[White "Jung, Bernd"]
[Black "Svitek, Volker"]
[Result "0-1"]
[WhiteElo "1676"]
[BlackElo "2133"]
[PlyCount "106"]
[EventDate "2007.??.??"]

1. e4 c5 2. c3 d5 3. exd5 Qxd5 4. d4 Nf6 5. Nf3 Bg4 6. Be2 e6 7. Be3 cxd4 8.
cxd4 Nc6 9. Nc3 Qa5 10. O-O Be7 11. a3 O-O 12. b4 Qd8 13. Ne5 Bxe2 14. Nxe2 Rc8
15. Re1 Nd5 16. Rc1 Nxe3 17. fxe3 Nxe5 18. dxe5 Rxc1 19. Qxc1 Qb8 20. Qb2 Rd8
21. Nd4 Qxe5 22. Qf2 Bf6 23. Kh1 Qe4 24. Rf1 h6 25. Nb3 b6 26. Nd2 Qc2 27. Nf3
Qxf2 28. Rxf2 Rd1+ 29. Ng1 Ra1 30. g3 Rxa3 31. Kg2 Rxe3 32. Ra2 Rb3 33. Rxa7
Rxb4 34. Rb7 Rb2+ 35. Kf3 g5 36. h3 Kg7 37. Ne2 b5 38. Nc1 Kg6 39. Nd3 Rb3 40.
Ke4 Bg7 41. Ke3 Bc3 42. Nc5 Rb1 43. Kd3 b4 44. Kc4 Rh1 45. Ne4 Rxh3 46. Nxc3
bxc3 47. Kxc3 Rxg3+ 48. Kd4 Rf3 49. Rb6 g4 50. Rb8 Kh5 51. Rh8 Rf5 52. Ke4 g3
53. Ke3 Rg5 0-1

[Event "Frankfurt Ch 2007"]
[Site "Ffm-Kalbach, LAZ"]
[Date "2007.04.30"]
[Round "1.21"]
[White "Kabir, Razaul"]
[Black "Götz, Arnold"]
[Result "1-0"]
[WhiteElo "2101"]
[BlackElo "1671"]
[PlyCount "39"]
[EventDate "2007.??.??"]

1. e4 Nc6 2. d4 d5 3. e5 Bf5 4. h4 Nb4 5. Na3 h5 6. Be2 e6 7. c3 Nc6 8. Nc2
Bxc2 9. Qxc2 Be7 10. Nf3 Nh6 11. Bd3 Qd7 12. b4 a6 13. a4 Nf5 14. Rb1 f6 15. b5
Na5 16. Qe2 axb5 17. axb5 b6 18. O-O Kf7 19. Re1 Rae8 20. Bxf5 1-0

[Event "Frankfurt Ch 2007"]
[Site "Ffm-Kalbach, LAZ"]
[Date "2007.04.30"]
[Round "1.23"]
[White "Kolker, Vladislav"]
[Black "Tiraspolski, Arkadij"]
[Result "1-0"]
[WhiteElo "2112"]
[BlackElo "1664"]
[PlyCount "59"]
[EventDate "2007.??.??"]

1. e4 c5 2. Nf3 Nc6 3. d4 cxd4 4. Nxd4 g6 5. Nc3 a6 6. Be3 d6 7. Qd2 Bg7 8.
O-O-O Nf6 9. f3 Qc7 10. Kb1 b5 11. g4 Ne5 12. g5 Nfd7 13. Nd5 Qb7 14. Qa5 Rb8
15. Nc7+ Kf8 16. Nxa6 Nb6 17. Nxb8 Qxb8 18. Bxb5 Bd7 19. Bxd7 Nbxd7 20. Bc1 Nc5
21. b3 f6 22. gxf6 Bxf6 23. Bb2 Kg7 24. Rhe1 Qb7 25. f4 Ra8 26. Qc3 Nc6 27. e5
dxe5 28. fxe5 Bxe5 29. Rxe5 Nxe5 30. Qxc5 1-0

[Event "Frankfurt Ch 2007"]
[Site "Ffm-Kalbach, LAZ"]
[Date "2007.04.30"]
[Round "1.24"]
[White "Bittner, Peter"]
[Black "Kreiling, Carsten"]
[Result "0-1"]
[WhiteElo "1986"]
[BlackElo "2140"]
[PlyCount "52"]
[EventDate "2007.??.??"]

1. e4 c5 2. Nf3 d6 3. d4 cxd4 4. Nxd4 Nf6 5. Nc3 g6 6. Be2 Bg7 7. Be3 Nc6 8.
Nxc6 bxc6 9. Qd2 Qa5 10. O-O Rb8 11. Rab1 O-O 12. Rfd1 Ng4 13. Bd4 Bh6 14. Qd3
c5 15. Be3 Nxe3 16. fxe3 Be6 17. Nd5 Bxd5 18. exd5 Qxa2 19. b3 c4 20. Qe4 cxb3
21. Bd3 bxc2 22. Bxc2 Rxb1 23. Rxb1 Rc8 24. Bb3 Bxe3+ 25. Kh1 Qxb3 26. h4 Qxb1+
0-1

[Event "Frankfurt Ch 2007"]
[Site "Ffm-Kalbach, LAZ"]
[Date "2007.04.30"]
[Round "1.25"]
[White "Kästle, Rainer"]
[Black "Ebertz, Michael"]
[Result "1/2-1/2"]
[WhiteElo "1980"]
[BlackElo "1645"]
[PlyCount "77"]
[EventDate "2007.??.??"]

1. Nf3 Nf6 2. c4 g6 3. g3 Bg7 4. Bg2 O-O 5. O-O d5 6. cxd5 Nxd5 7. Nc3 Nxc3 8.
dxc3 Nd7 9. Qc2 e5 10. Rd1 Qe7 11. e4 Nc5 12. b4 Ne6 13. Be3 b6 14. a3 Bb7 15.
Nh4 Bf6 16. Nf3 Bg7 17. Nh4 Bf6 18. Nf3 Bg7 19. h4 Rad8 20. Ng5 Nxg5 21. hxg5
Rxd1+ 22. Rxd1 Rd8 23. Rd2 f6 24. gxf6 Bxf6 25. Qa4 a6 26. Qd1 Rxd2 27. Qxd2 b5
28. c4 bxc4 29. Qc2 Qd8 30. Qxc4+ Kg7 31. Bf3 Qd7 32. Be2 Qc6 33. f3 Qxc4 34.
Bxc4 g5 35. g4 Kg6 36. Kf2 h5 37. gxh5+ Kxh5 38. Bc5 g4 39. fxg4+ 1/2-1/2

[Event "Frankfurt Ch 2007"]
[Site "Ffm-Kalbach, LAZ"]
[Date "2007.04.30"]
[Round "1.26"]
[White "Smith-Meyer, Geir"]
[Black "Syed, Tareq"]
[Result "0-1"]
[WhiteElo "1640"]
[BlackElo "2101"]
[PlyCount "80"]
[EventDate "2007.??.??"]

1. d4 d6 2. c3 Nf6 3. Nf3 Nbd7 4. Bf4 Nh5 5. Bg5 h6 6. Bh4 g5 7. Bg3 Bg7 8. e4
e6 9. Bd3 Qe7 10. Qe2 a6 11. a4 b6 12. Nbd2 Bb7 13. O-O O-O 14. Nc4 Nxg3 15.
fxg3 c5 16. Ne3 Nf6 17. e5 dxe5 18. dxe5 Nd7 19. Nc4 b5 20. axb5 axb5 21. Na5
Bxf3 22. gxf3 Nxe5 23. Nc6 Qc7 24. Rxa8 Rxa8 25. Nxe5 Qxe5 26. Be4 f5 27. Bd3
Qxe2 28. Bxe2 c4 29. Rd1 Ra2 30. Rd2 Bxc3 31. Rd8+ Kf7 32. Bxc4 bxc4 33. bxc3
Rc2 34. h3 Rxc3 35. Kf2 Rc2+ 36. Ke3 Rh2 37. Rc8 Rxh3 38. Kf2 Rh2+ 39. Ke3 Rg2
40. Rxc4 Rxg3 0-1

[Event "Frankfurt Ch 2007"]
[Site "Ffm-Kalbach, LAZ"]
[Date "2007.04.30"]
[Round "1.28"]
[White "Köroglu, Naim"]
[Black "Janotta, Steffi"]
[Result "0-1"]
[WhiteElo "1627"]
[BlackElo "2028"]
[PlyCount "50"]
[EventDate "2007.??.??"]

1. d4 d5 2. c4 c6 3. Nc3 Nf6 4. Nf3 dxc4 5. a4 Bf5 6. e3 e6 7. Bxc4 Bb4 8. O-O
O-O 9. Bd2 Nbd7 10. Qb3 a5 11. Ne2 Bxd2 12. Nxd2 Nb6 13. Bd3 Bxd3 14. Qxd3 Qe7
15. Nc3 Rfd8 16. Qc2 Nbd5 17. Nde4 Nb4 18. Nxf6+ Qxf6 19. Qb3 Qf5 20. Rfd1 Rd7
21. Na2 Nd5 22. Nc3 Nf6 23. Rac1 Rad8 24. Ne2 h5 25. Rc5 Qxc5 0-1

[Event "Frankfurt Ch 2007"]
[Site "Ffm-Kalbach, LAZ"]
[Date "2007.04.30"]
[Round "1.29"]
[White "Henzner, Reiner"]
[Black "Arnold, Michael"]
[Result "1-0"]
[WhiteElo "2111"]
[BlackElo "1614"]
[PlyCount "77"]
[EventDate "2007.??.??"]

1. e4 d5 2. Nc3 e6 3. Nf3 dxe4 4. Nxe4 Nf6 5. Nxf6+ Qxf6 6. d4 Bd6 7. Bg5 Qg6
8. Bd3 Qh5 9. h3 f6 10. g4 Qf7 11. Be3 Nc6 12. c3 Bd7 13. Qc2 g6 14. O-O-O
O-O-O 15. Nd2 e5 16. Bc4 Be6 17. Qb3 Bxc4 18. Nxc4 Kb8 19. d5 Ne7 20. Na5 b6
21. Qb5 Kc8 22. Nc6 Rdf8 23. Nxa7+ Kb7 24. Nc6 Ra8 25. Nxe7 Qxe7 26. Qc6+ Kb8
27. Kb1 Ra6 28. Rd3 Ka7 29. Rc1 Ra8 30. b3 Kb8 31. a4 f5 32. gxf5 gxf5 33. Rg1
Ka7 34. Bh6 e4 35. Rg7 Qe5 36. Rdg3 Rc8 37. Rg8 e3 38. Rxc8 Qe4+ 39. Kb2 1-0